00707cam a22002414a 45000010006000000050017000060080041000230200015000640400018000790820016000971000023001132450055001362500009001912600036002003000013002364900012002495000062002616500018003236500014003419420006003559520089003619990015004502774120240905024709.0890920s1993 enka b 001 0 eng  a0863582206 aDLCcDLCdDLC00a649/.332211 aPalmer, Gabrielle.14aThe politics of breastfeeding /cGabrielle Palmer. a2nd  a London :bPandora Pressc1988. a309 p .,1 aPandora a"Fully revised and updated new edition"--p. [4] of cover. 0aBreastfeeding 0aPolitical cL 001040708LaWERCLbWERCLd2024-09-05l0o649/.33p6952r2024-09-05w2024-09-05yL c5921d5921